<?xml version="1.0" encoding="UTF-8"?><?xml-stylesheet type="text/xsl" href="static/style.xsl"?><OAI-PMH xmlns="http://www.openarchives.org/OAI/2.0/" xmlns:xsi="http://www.w3.org/2001/XMLSchema-instance" xsi:schemaLocation="http://www.openarchives.org/OAI/2.0/ http://www.openarchives.org/OAI/2.0/OAI-PMH.xsd"><responseDate>2026-06-06T01:50:48Z</responseDate><request verb="GetRecord" identifier="oai:riuma.uma.es:10630/17295" metadataPrefix="marc">https://riuma.uma.es/rest/oai/request</request><GetRecord><record><header><identifier>oai:riuma.uma.es:10630/17295</identifier><datestamp>2026-02-03T11:55:03Z</datestamp><setSpec>com_10630_2254</setSpec><setSpec>col_10630_37959</setSpec></header><metadata><record xmlns="http://www.loc.gov/MARC21/slim" xmlns:dcterms="http://purl.org/dc/terms/" xmlns:doc="http://www.lyncode.com/xoai" xmlns:xsi="http://www.w3.org/2001/XMLSchema-instance" xsi:schemaLocation="http://www.loc.gov/MARC21/slim http://www.loc.gov/standards/marcxml/schema/MARC21slim.xsd">
   <leader>00925njm 22002777a 4500</leader>
   <datafield ind2=" " ind1=" " tag="042">
      <subfield code="a">dc</subfield>
   </datafield>
   <datafield ind2=" " ind1=" " tag="720">
      <subfield code="a">García-Ruiz, Carmen Rosa</subfield>
      <subfield code="e">author</subfield>
   </datafield>
   <datafield ind2=" " ind1=" " tag="720">
      <subfield code="a">González Milea, Arasy</subfield>
      <subfield code="e">author</subfield>
   </datafield>
   <datafield ind2=" " ind1=" " tag="260">
      <subfield code="c">2019-02-13</subfield>
   </datafield>
   <datafield ind2=" " ind1=" " tag="520">
      <subfield code="a">Contexto: &#xd;
La comunicación pretende dar a conocer una experiencia formativa de futuras maestras de Educación Infantil para que desarrollen la Literacidad Crítica desde edades tempranas y para el desarrollo de una Ciudadanía Global Crítica. &#xd;
Objetivos:&#xd;
1. Identificar qué entienden las maestras de Educación Infantil por Literacidad Crítica a través del análisis de sus discursos. &#xd;
2. Identificar recursos y estrategias potencialmente útiles para el desarrollo de la Literacidad Crítica.&#xd;
Descripción y Valoración: &#xd;
La asignatura del Practicum en la titulación de Grado de Educación Infantil de la Universidad de Málaga supone una oportunidad de actuación y reflexión para futuras docentes, haciendo dialogar la teoría y la práctica con el acompañamiento de una tutora profesional en los centros educativos y, en coordinación, con el asesoramiento de un tutor/a académica universitaria que ofrece seminarios grupales, talleres y tutorización personalizada de diarios y portafolios para la reconstrucción del pensamiento. &#xd;
&#xd;
Referencias Bibliográficas:&#xd;
Fisher, A. (2008). Teaching comprehension and critical literacy: investigating guided Reading in three primary classrooms. Literacy, 4, Vol. 42, Issue 1. &#xd;
Flores Dueñas, L. (2005). Lessons from la maestra Miriam: Developing Literate identities through Early Critical Literacy Teaching. Journal of Latinos and Education, 10, Vol 4, Issue 4. &#xd;
Flores-Koulish, S. y Smith-D´Arezzo, W. M. (2016). The Three Pigs: Can they blow us into critical media literacy old school style? Journal of Research in Childhood Education, 7, Vol 30, Issue 3. &#xd;
González Milea, A. (2018). Aprender a enseñar la literacidad crítica en el aula de Educación Infantil. Una experiencia de tutorización entre iguales en el Grado de Educación Infantil (pp. 211-219). En López Torres, E., García Ruíz, C. y Sánchez Agustí, M. (eds.). Buscando formas de enseñar: Investigar para innovar en Didáctica de las Ciencias Sociales. Valladolid: AUPDCS y Universidad de Valladolid.</subfield>
   </datafield>
   <datafield ind1="8" ind2=" " tag="024">
      <subfield code="a">https://hdl.handle.net/10630/17295</subfield>
   </datafield>
   <datafield tag="653" ind2=" " ind1=" ">
      <subfield code="a">Didáctica de las Ciencias Sociales</subfield>
   </datafield>
   <datafield tag="653" ind2=" " ind1=" ">
      <subfield code="a">Profesorado - Formación</subfield>
   </datafield>
   <datafield tag="653" ind2=" " ind1=" ">
      <subfield code="a">Educación infantil</subfield>
   </datafield>
   <datafield ind2="0" ind1="0" tag="245">
      <subfield code="a">Literacidad Crítica en la Formación Inicial del Profesorado de Educación Infantil</subfield>
   </datafield>
</record>
</metadata></record></GetRecord></OAI-PMH>